000 01308cam a2200277 a 4500
005 20170208154257.0
008 060731q2003 ck abdo r l000 0 spa d
020 _a9589767931
040 _aCO-BoPUJ
_cCO-BoIAVH
_dCO-BoIAVH
041 0 _aspa
044 _ack
090 _aRE-
_b0053
245 0 0 _aZonas de reserva forestal de Colombia
_bLey 2a de 1959 : atlas temático
_cJosé Miguel Orozco...[et al.] ; fotografía Juan Manuel Rengifo y Oscar Gómez
260 _aBogotá :
_bMinisterio de Ambiente, Vivienda y Desarrollo Territorial :
_bImprenta Nacional de Colombia,
_c[2003?].
300 _a131 páginas :
_bilustraciones, fotos, gráficas, mapas a color y tablas ;
_c41 x 28 cm.
504 _aIncluye referencias bibliográficas.
505 0 _tAspectos legales. --
_tAmazonia. --
_tCentral. --
_tCocuy. --
_tPacífico. --
_tSerrania de los Motilones. --
_tRío Magdalena. --
_tSierra Nevada de Santa Marta.
650 6 _aReservas forestales
_zColombia
_955356
650 6 _aReservas forestales
_xAspectos jurídicos
_zColombia
_955357
650 4 _aPolítica forestal
_zColombia
_955358
650 6 _aEcología forestal
_zColombia
_955359
700 1 _aOrozco, José Miguel
_955360
700 1 _aRengifo, Juan Manuel
_eFotografía
_95666
700 1 _aGómez, Oscar
_eFotografía
_955361
942 _2ddc
_cLIBRO
999 _c5262
_d5262